High performance Tcp/Ip networking : (Record no. 35892)

MARC details
000 -LEADER
fixed length control field 00541nam a22001817a 4500
005 - DATE AND TIME OF LATEST TRANSACTION
control field 20240611124122.0
008 - FIXED-LENGTH DATA ELEMENTS--GENERAL INFORMATION
fixed length control field 240611b |||||||| |||| 00| 0 eng d
020 ## - INTERNATIONAL STANDARD BOOK NUMBER
ISBN 9788129711793
082 ## - DEWEY DECIMAL CLASSIFICATION NUMBER
Classification number 004.62
Item number HAS-H
100 ## - MAIN ENTRY--AUTHOR
Author Name Hassan, Mahbub
245 ## - TITLE STATEMENT
Title High performance Tcp/Ip networking :
Remainder of title Concepts, issues, and solutions /
Statement of responsibility, etc. Raj Jain
260 ## - PUBLICATION, DISTRIBUTION, ETC.
Place of Publication USA:
Name of publisher, distributor, etc. Pearson;
Date of publication, distribution, etc. 2004.
300 ## - PHYSICAL DESCRIPTION
Pages xiv, 387 P. :
500 ## - GENERAL NOTE
General note include index.
650 ## - SUBJECT ADDED ENTRY--TOPICAL TERM
Subject / Department computer science/ web operating system
700 ## - ADDED ENTRY--PERSONAL NAME
Personal name Raj Jain
300 ## - PHYSICAL DESCRIPTION
-- Ill;
-- 24 cm.
952 ## - LOCATION AND ITEM INFORMATION (KOHA)
-- 0
-- 0
952 ## - LOCATION AND ITEM INFORMATION (KOHA)
-- 0
-- 0
Holdings
Lost status Damaged status Collection code Permanent Location Current Location Shelving Location Date acquired Full Call Number Accession No./Barcode Date last seen Copy number item type Koha item type
    CS/IT Superior Information Resource Center (SIRC) Superior University- Gold Campus Superior Information Resource Center (SIRC) Superior University- Gold Campus Java Programming language 06/11/2024 004.62 HAS-H 2004 17723 06/11/2024 1 BOOK BOOK
    CS/IT Superior Information Resource Center (SIRC) Superior University- Gold Campus Superior Information Resource Center (SIRC) Superior University- Gold Campus Java Programming language 06/11/2024 004.62 HAS-H 2004 17724 06/11/2024 2 BOOK BOOK

Powered by Koha